|
|
|
|
| LEADER |
02851nam a2200589 a 4500 |
| 001 |
nkc20102032015 |
| 003 |
CZ PrNK |
| 005 |
20220926095927.0 |
| 007 |
ta |
| 008 |
100203s2010 xr a e 101 0 cze |
| 015 |
|
|
|a cnb002032015
|
| 020 |
|
|
|a 978-80-213-2047-5
|q (brož.) :
|c Kč 200,00
|
| 035 |
|
|
|a (OCoLC)730405315
|
| 040 |
|
|
|a BOA001
|b cze
|d ABA001
|
| 043 |
|
|
|a e-xr---
|
| 072 |
|
7 |
|a 633
|x Rostlinná výroba
|2 Konspekt
|9 24
|
| 080 |
|
|
|a 663.421
|2 MRF
|
| 080 |
|
|
|a 633.01/.04
|2 MRF
|
| 080 |
|
|
|a [631.57+637]-021.465
|2 MRF
|
| 080 |
|
|
|a (437.3)
|2 MRF
|
| 080 |
|
|
|a (062.534)
|2 MRF
|
| 111 |
2 |
|
|a Sladovnický ječmen - přiměřená ekonomika, vysoký výnos a kvalita zrna (konference)
|d (2010 :
|c Česko)
|7 mzk2011634851
|
| 245 |
1 |
0 |
|a "Sladovnický ječmen - přiměřená ekonomika, vysoký výnos a kvalita zrna" :
|b nový výzkum a komplexní poznatky pro uplatnění v praxi : konference : 8.-11.2.2010 (Libčany 8.2.2010, Praha-Suchdol 9.2.2010, Mendelu v Brně 10.2.2010, Vsisko 11.2.2010)
|
| 246 |
1 |
|
|i Název v tiráži:
|a Sdružení pro ječmen a slad - kompendium 2010
|
| 246 |
3 |
|
|a Konference "Sladovnický ječmen - přiměřená ekonomika, vysoký výnos a kvalita zrna"
|
| 246 |
1 |
4 |
|a Kompendium 2010 ke konferenci Sladovnický ječmen - přiměřená ekonomika, vysoký výnos a kvalita zrna
|
| 246 |
1 |
7 |
|a Sborník z konference "Sladovnický ječmen - přiměřená ekonomika, vysoký výnos a kvalita zrna", 8.-11.2.2010
|
| 250 |
|
|
|a 1. vyd.
|
| 260 |
|
|
|a Velká Bystřice :
|b Sdružení pro ječmen a slad,
|c 2010
|
| 300 |
|
|
|a [5], 77 s. :
|b il. ;
|c 30 cm
|
| 500 |
|
|
|a Nad názvem: Sdružení pro ječmen a slad (SJS) ve spolupráci s ČZU v Praze, ZVÚ Kroměříž, Ditana Velká Bystřice, Mendelu v Brně
|
| 500 |
|
|
|a 350 výt.
|
| 504 |
|
|
|a Obsahuje bibliografie a rejstřík
|
| 521 |
8 |
|
|a Určeno účastníkům konferencí
|
| 650 |
0 |
7 |
|a sladovnický ječmen
|7 ph116174
|2 czenas
|
| 650 |
0 |
7 |
|a pěstování polních rostlin
|7 ph183359
|z Česko
|2 czenas
|
| 650 |
0 |
7 |
|a kvalita zemědělských produktů
|7 ph163865
|z Česko
|2 czenas
|
| 650 |
0 |
9 |
|a malting barley
|2 eczenas
|
| 650 |
0 |
9 |
|a field crops cultivation
|z Czechia
|2 eczenas
|
| 650 |
0 |
9 |
|a quality of agricultural products
|z Czechia
|2 eczenas
|
| 655 |
|
7 |
|a sborníky konferencí
|7 fd133333
|2 czenas
|
| 655 |
|
9 |
|a proceedings of conferences
|2 eczenas
|
| 710 |
2 |
|
|a Spolek pro ječmen a slad
|7 olak2005266899
|
| 710 |
2 |
|
|a Česká zemědělská univerzita v Praze
|7 kn20010710172
|
| 710 |
2 |
|
|a Zemědělský výzkumný ústav Kroměříž
|7 kn20040211004
|
| 710 |
2 |
|
|a Ditana (firma)
|7 kn20050907030
|
| 710 |
2 |
|
|a Mendelova univerzita
|7 ko2010541433
|
| 910 |
2 |
|
|a BOA001
|b 4-1264.874
|
| 990 |
|
|
|a BK
|
| 995 |
|
|
|a 01
|
| 991 |
|
|
|b 201105
|c NOV
|e n
|
| 996 |
6 |
|
|b 2610476236
|c 4-1264.874
|l MZK
|r Sklad / do 1 hodiny
|n 5
|p p.v.
|w 001176121
|u 000010
|a 1
|e BOA001
|j MZK50
|s P
|